Name the rappers of 3 of their songs - Statistics

General Stats
  • This quiz has been taken 16 times
  • The average score is 5 of 6
Answer Stats
Hint Answer % Correct
Gods plan,push ups,family matters Drake
100%
The monster,Stan,without me Eminem
100%
Not like us,tv off,humble. Kendrick lamar
93%
hit em up,California love,dear mama Tupac
93%
Band4band,sprinter,did it first Central cee
64%
See you again,wolf,like him Tyler the creator
57%
No matching quizzes found
Score Distribution
Percent of People with Each Score
Percentile by Number Answered
Your Score History
You have not taken this quiz